00406nam a2200109Ia 4500008004100000082000800041100001300049245011500062942000600177952009800183999001500281240331s9999 xx 000 0 und d bKUM aKumar, R 4aThe history of doing :ban illustrated account of movements for women's rights and feminism in India 1800-1990 cL 001040708LaWERCLbWERCLcSSCd2024-03-31l0o 305.42 KUMp3176r2024-03-31w2024-03-31yL c1917d1917